ANATOMY FOR DENTAL STUDENTS (Record no. 4842)

MARC details
000 -LEADER
fixed length control field 00332nam a2200133Ia 4500
008 - FIXED-LENGTH DATA ELEMENTS--GENERAL INFORMATION
fixed length control field 150201s2014 xx 000 0 und d
082 ## - DEWEY DECIMAL CLASSIFICATION NUMBER
Classification number 611
Item number A2003S
100 ## - MAIN ENTRY--PERSONAL NAME
Personal name SINGH ,INDERBIR
245 ## - TITLE STATEMENT
Title ANATOMY FOR DENTAL STUDENTS
250 ## - EDITION STATEMENT
Edition statement 2ND
260 ## - PUBLICATION, DISTRIBUTION, ETC. (IMPRINT)
Name of publisher, distributor, etc. JAYPEE BROTHERS MEDICAL PUBLISHERS
650 ## - SUBJECT ADDED ENTRY--TOPICAL TERM
Topical term or geographic name as entry element ANATOMY
942 ## - ADDED ENTRY ELEMENTS (KOHA)
Source of classification or shelving scheme Dewey Decimal Classification
Koha item type Books
Koha issues (borrowed), all copies 2
Holdings
Withdrawn status Lost status Source of classification or shelving scheme Damaged status Not for loan Home library Current library Date acquired Serial Enumeration / chronology SGTU Total Checkouts Full call number Barcode Date last seen Bill Date Koha item type Date last checked out
    Dewey Decimal Classification     SGT Dental Library SGT Dental Library 06/11/2014 1 SGTU   611 A2003S FD6996 09/02/2015 09/02/2015 Books  
    Dewey Decimal Classification     SGT Dental Library SGT Dental Library 06/11/2014 1 SGTU 3 611 A2003S FD6997 30/01/2020 09/02/2015 Books 23/01/2020
    Dewey Decimal Classification     SGT Dental Library SGT Dental Library 06/11/2014 1 SGTU 2 611 A2003S FD6998 27/06/2023 09/02/2015 Books 27/06/2023
    Dewey Decimal Classification     SGT Dental Library SGT Dental Library 06/11/2014 1 SGTU   611 A2003S FD6999 09/02/2015 09/02/2015 Books  
    Dewey Decimal Classification     SGT Dental Library SGT Dental Library 06/11/2014 1 SGTU   611 A2003S FD7000 09/02/2015 09/02/2015 Books